| 000 | 01388cam a2200157 4500500 | ||
|---|---|---|---|
| 005 | 20260329023202.0 | ||
| 041 | _afre | ||
| 042 | _adc | ||
| 100 | 1 | 0 |
_aCharret-Del Bove, Marion _eauthor |
| 700 | 1 | 0 |
_aKirby-Légier, Catherine _eauthor |
| 700 | 1 | 0 |
_aHarvey, Malcolm _eauthor |
| 245 | 0 | 0 | _aDroit anglais et droit américain : Cours et exercices corrigés |
| 260 |
_bArmand Colin,
_c2011. |
||
| 520 | _aCe manuel de droit est construit selon les grands principes de la collection Cursus-droit : le cours par les exercices. La grande originalité réside dans le fait qu’il présente le droit anglais et américain dans une perspective théorique et pratique et non dans une simple optique comparatiste. Il est d’ailleurs rédigé en anglais ou en bilingue, ce qui constitue une autre originalité. Une première partie est consacrée aux systèmes juridiques (English legal system, US legal system). La seconde partie traite tu Legal Language (Sources, Institutions, Courts, Legal personnel) Cet ouvrage répond en cela aux nombreux cours qui se multiplient, et en anglais, sur les systèmes de common law. Pour relever une telle difficulté, l’équipe enseignante est composée d’une juriste et de deux spécialistes de l’anglais juridique. | ||
| 856 | 4 | 1 | _uhttps://droit.cairn.info/droit-anglais-et-droit-americain--9782200270308?lang=fr&redirect-ssocas=7080 |
| 999 |
_c1925328 _d1925328 |
||